| 000 | 00531nam a2200217Ia 4500 | ||
|---|---|---|---|
| 005 | 20250425162631.0 | ||
| 008 | 250425s9999 xx 000 0 und d | ||
| 020 | _a9788480888868 | ||
| 041 | _aspa | ||
| 082 | _a332.632 | ||
| 100 | _aMURPHY, JOHN J. | ||
| 245 | 0 | _aANALISIS TECNICO DE LOS MERCADOS FINANCIEROS | |
| 250 | _a1A ED. | ||
| 260 | _aBARCELONA | ||
| 260 |
_aEspaƱa _bGESTION 2000 _c2003 |
||
| 300 | _a546 | ||
| 650 | _aBOLSAS DE PRODUCTOS | ||
| 650 | _aMERCADO DE FUTUROS | ||
| 942 | _c01 | ||
| 010 | _a91629 | ||
| 999 |
_c233285 _d233285 |
||